00266nam a2200109Ia 4500008004100000082001400041100001800055245002100073250000900094260002600103650002700129150201s2007 xx 000 0 und d a610bB10D aGOLDMAN,DAVID aCECIL MEDICINE-2 a23RD bELSEVIERaDELHIc2007 aMEDICINE AND DIAGNOSIS